Central Library OPAC University of Rajshahi

Principles of government and politics in the Middle Ages / (Record no. 36268)

MARC details
000 -LEADER
fixed length control field 00688nam a22002291a 4500
001 - CONTROL NUMBER
control field 36268
003 - CONTROL NUMBER IDENTIFIER
rucl marc code BD-RjUL
005 - DATE AND TIME OF LATEST TRANSACTION
control field 20211209052449.0
008 - FIXED-LENGTH DATA ELEMENTS--GENERAL INFORMATION
fixed length control field 140618s1961 enk b 00110 eng d
035 ## - SYSTEM CONTROL NUMBER
System control number (BD-RjUL)36365
040 ## - CATALOGING SOURCE
Original cataloging agency DLC
Language of cataloging eng
Transcribing agency DLC
Modifying agency BD-RjUL
041 ## - LANGUAGE CODE
Language code of text/sound track or separate title eng
082 00 - DEWEY DECIMAL CLASSIFICATION NUMBER
Classification number 320.1
Author mark and year ULP 1961
100 1# - MAIN ENTRY--PERSONAL NAME
Personal name Ullmann, Walter,
Dates associated with a name 1910-
9 (RLIN) 6443
245 10 - TITLE STATEMENT
Title Principles of government and politics in the Middle Ages /
Statement of responsibility, etc. Walter Ullmann.
260 ## - PUBLICATION, DISTRIBUTION, ETC. (IMPRINT)
Place of publication, distribution, etc. London :
Name of publisher, distributor, etc. Methuen,
Date of publication, distribution, etc. 1961.
300 ## - PHYSICAL DESCRIPTION
Pagination 320 p. ;
Size 22 cm.
504 ## - BIBLIOGRAPHY, ETC. NOTE
Bibliography, etc Includes bibliographical references and index.
650 #0 - SUBJECT ADDED ENTRY--TOPICAL TERM
Topical term or geographic name as entry element Constitutional history, Medieval.
9 (RLIN) 497
Topical term or geographic name as entry element State, The.
9 (RLIN) 110383
942 ## - ADDED ENTRY ELEMENTS (KOHA)
Source of classification or shelving scheme Dewey Decimal Classification
Koha item type Books
Holdings
Lost status Source of classification or shelving scheme Damaged status Not for loan Collection code Permanent Location Current Location Shelving location Date acquired Source of acquisition Cost, normal purchase price Total Checkouts Full call number Date last seen Copy number Koha item type
  Dewey Decimal Classification   Not For Loan Non-fiction Central Library, University of Rajshahi Central Library, University of Rajshahi Reading Room 06/04/1967 Euro Pak. 26.10   320.1 ULP 1961 18/06/2014 C-1 Books